Choose The American States - Statistics

General Stats
  • This quiz has been taken 46 times
  • The average score is 33 of 50
Answers on the Map
Answers color-coded by a green-red scale on the quiz's map according to % correct below.
 
Answer Stats
Answer % Correct
California
92%
Alaska
88%
Arizona
88%
Florida
88%
Hawaii
88%
Idaho
88%
Georgia
83%
Colorado
79%
Nevada
75%
Alabama
71%
Arkansas
71%
Illinois
71%
Kansas
71%
Louisiana
71%
Texas
71%
Indiana
67%
Michigan
67%
Montana
67%
Oregon
67%
Connecticut
63%
Iowa
63%
Minnesota
63%
MIssouri
63%
Nebraska
63%
New Mexico
63%
Pennsylvania
63%
South Carolina
63%
South Dakota
63%
Utah
63%
Washington
63%
Kentucky
58%
Maine
58%
Maryland
58%
Mississippi
58%
North Carolina
58%
North Dakota
58%
Oklahoma
58%
Tennessee
58%
Virginia
58%
West Virginia
58%
Wisconsin
58%
Wyoming
58%
Delaware
54%
Massachusetts
54%
New Hampshire
54%
New Jersey
54%
New York
54%
Ohio
54%
Rhode Island
54%
Vermont
54%
No matching quizzes found
Score Distribution
Percent of People with Each Score
Percentile by Number Answered
Your Score History
You have not taken this quiz